Song Spree - The Beatles Quiz Stats

 Plays Quiz Updated Aug 21, 2012

Challenge
Share
Tweet
Embed
Score 0/189 Timer 15:00
6 Plays Today
Song % Correct
Song 1I
98.5%
Song 3I
98.5%
Song 3I
98.5%
Song 3I
98.5%
Song 5I
98.5%
Song 5I
98.5%
Song 5I
98.5%
Song 5I
98.5%
Song 5I
98.5%
Song 5I
98.5%
Song 5I
98.5%
Song 5I
98.5%
Song 1a
96.2%
Song 3a
96.2%
Song 4A
96.2%
Song 4a
96.2%
Song 4a
96.2%
Song 5a
96.2%
Song 1you
95.7%
Song 1you
95.7%
Song 1you
95.6%
Song 1you
95.7%
Song 2You
95.6%
Song 3you
95.6%
Song 3you
95.6%
Song 3you.
95.6%
Song 4you.
95.6%
Song 4You
95.6%
Song 5you.
95.6%
Song 5you
95.6%
Song 5you.
95.6%
Song 1love,
94.7%
Song 1love.
94.7%
Song 1love.
94.7%
Song 1love.
94.7%
Song 3love,
94.7%
Song 3love,
94.7%
Song 3love
94.7%
Song 3love
94.7%
Song 3love,
94.7%
Song 1me
88.7%
Song 1me
88.7%
Song 1me
88.7%
Song 3me,
88.7%
Song 3me.
88.7%
Song 3me,
88.7%
Song 3me.
88.7%
Song 2the
87.2%
Song 2to
83.8%
Song 2to
83.8%
Song 1it
79.8%
Song 1it
79.8%
Song 1my
78.8%
Song 1my
78.8%
Song 3my
78.8%
Song 5my
78.8%
Song 2your
78.8%
Song 3your
78.8%
Song 3need
77.8%
Song 3need
77.8%
Song 3need
77.8%
Song 5need
77.8%
Song 2and
77.4%
Song % Correct
Song 4and
77.4%
Song 2in
73.8%
Song 4in
73.8%
Song 2All
70.9%
Song 1for
70.4%
Song 2for
70.4%
Song 1if
69.1%
Song 1if
69.1%
Song 3know
68.2%
Song 5know
68.2%
Song 4on
67.6%
Song 5day
66.2%
Song 3Hold
63.9%
Song 3Hold
63.9%
Song 3but
63.5%
Song 1don't
63.4%
Song 2of
62.9%
Song 5of
62.9%
Song 5of
62.9%
Song 3like
62.9%
Song 1too
62.7%
Song 1Can't
62.2%
Song 1Can't
62.2%
Song 1can't
62.2%
Song 3it's
61%
Song 1buy
61%
Song 1buy
61%
Song 1buy
61%
Song 1buy
61%
Song 3Just
60.8%
Song 3Ooh,
59.7%
Song 5Ooh,
59.7%
Song 5Ooh,
59.7%
Song 3got
58.9%
Song 3days
58.1%
Song 3babe.
58%
Song 3babe.
58%
Song 3babe.
58%
Song 3true.
57.9%
Song 3week.
57.7%
Song 3Eight
57.6%
Song 1diamond
56%
Song 1I'll
56%
Song 1I'll
56%
Song 1ring,
55.7%
Song 4girl
55.4%
Song 2life.
54.5%
Song 5life.
54.5%
Song 1money.
54%
Song 1Money
54%
Song 3nothin'
53.9%
Song 1feel
53.1%
Song 1feel
53.1%
Song 1much
52.4%
Song 1care
52.1%
Song 5there.
51.9%
Song 5there.
51.9%
Song 5what
51.7%
Song 1get
51.4%
Song 3ain't
51.3%
Song 1makes
50.5%
Song 1makes
50.5%
Song 1alright.
49%
Song % Correct
Song 1alright.
49%
Song 5Every
48.8%
Song 1friend,
48.3%
Song 1friend,
48.3%
Song 5see
48%
Song 5see
48%
Song 5was
47.7%
Song 4With
46.3%
Song 4with
46.3%
Song 5where
44.8%
Song 2were
44.2%
Song 5would
43.2%
Song 2night.
42.8%
Song 2this
42.7%
Song 1anything,
41.9%
Song 5tell
41%
Song 5could
40.3%
Song 5single
39.7%
Song 3Guess
38.4%
Song 3Hope
38%
Song 2Take
37.9%
Song 5then
37.6%
Song 5did
35.8%
Song 2only
34.3%
Song 1'Cause
34.1%
Song 4eyes.
33.5%
Song 2these
33.3%
Song 2dead
33.2%
Song 5find
31.8%
Song 2Blackbird
30.9%
Song 2singing
30.8%
Song 2waiting
30.6%
Song 2fly.
30.5%
Song 4boat
30.4%
Song 4river.
29.9%
Song 2moment
29.8%
Song 2learn
29.6%
Song 2wings
29.4%
Song 4Picture
29.3%
Song 5didn't
29.1%
Song 4yourself
29%
Song 2broken
28.7%
Song 4skies.
28.2%
Song 5alone,
27.6%
Song 4marmalade
26.9%
Song 4Somebody
26.3%
Song 4tangerine
26.1%
Song 5took
24.9%
Song 4kaleidoscope
24.8%
Song 5ride.
24.6%
Song 4quite
24.4%
Song 5suddenly
24.1%
Song 4answer
24.1%
Song 4slowly.
24%
Song 4trees
23.6%
Song 5mind
22.4%
Song 5kind
21.9%
Song 4calls
21.7%
Song 5Another
21.1%
Song 5another
21.1%
Song 2arise.
21.1%
Song 5maybe
19.5%
Song 5road
18.5%

You're not logged in!

Compare scores with friends on all Sporcle quizzes.
Join for Free
OR
Log In

You Might Also Like...

Show Comments

Extras

Top Quizzes Today


Score Distribution

Your Account Isn't Verified!

In order to create a playlist on Sporcle, you need to verify the email address you used during registration. Go to your Sporcle Settings to finish the process.

Report this User

Report this user for behavior that violates our Community Guidelines.

Details: